[Event "Lichtenberger Sommer 2019"]
[Site "Berlin"]
[Date "2019.08.25"]
[Round "9.56"]
[White "Dittrich, Hans-Georg"]
[Black "Zubke, Carsten"]
[Result "1-0"]
[WhiteElo "1722"]
[BlackElo "1886"]
[PlyCount "53"]
[EventDate "2019.??.??"]
[BlackTeam "BSG Pneumant Fürstenwalde"]

1. e4 b6 2. d4 e6 3. c4 Bb7 4. Nc3 Bb4 5. Bd3 d5 6. cxd5 exd5 7. e5 c5 8. Nf3
cxd4 9. Nxd4 Bxc3+ 10. bxc3 Nc6 11. O-O Nge7 12. f4 Qd7 13. Ba3 Na5 14. Bxe7
Qxe7 15. Nf5 Qc5+ 16. Kh1 Qc7 17. Nd6+ Kf8 18. Qh5 Rd8 19. Nb5 Qe7 20. Rae1 Nc6
21. Nd4 g6 22. Qh6+ Kg8 23. f5 Qf8 24. Qg5 Qe7 25. f6 Qa3 26. e6 h6 27. exf7+
1-0

[Event "Lichtenberger Sommer 2019"]
[Site "Berlin"]
[Date "2019.08.25"]
[Round "9.57"]
[White "Alten, Silvio"]
[Black "Caglar, Ertan"]
[Result "1-0"]
[WhiteElo "1883"]
[BlackElo "1724"]
[PlyCount "51"]
[EventDate "2019.??.??"]
[WhiteTeam "SV Mattnetz Berlin"]
[BlackTeam "SW Lichtenrade"]

1. e4 Nc6 2. Nf3 f5 3. exf5 d5 4. Bb5 Bxf5 5. Ne5 Qd6 6. d4 Nf6 7. O-O Nd7 8.
Bxc6 bxc6 9. Bf4 Nxe5 10. Bxe5 Qg6 11. c4 Bc2 12. Qf3 Be4 13. Qg3 Qxg3 14. hxg3
Bxb1 15. Raxb1 Kd7 16. Rfc1 Rc8 17. Rc2 e6 18. Rbc1 c5 19. dxc5 c6 20. b4 Be7
21. Bxg7 Rhg8 22. Be5 Rg5 23. Re2 a5 24. a3 Bd8 25. cxd5 cxd5 26. b5 1-0

[Event "Lichtenberger Sommer 2019"]
[Site "Berlin"]
[Date "2019.08.25"]
[Round "9.58"]
[White "Morczynski, Joachim"]
[Black "Khojoyan, Martin"]
[Result "1/2-1/2"]
[WhiteElo "1701"]
[BlackElo "1850"]
[PlyCount "73"]
[EventDate "2019.??.??"]
[WhiteTeam "SK Zehlendorf"]
[BlackTeam "SV Motor Wildau"]

1. e4 e6 2. d4 b6 3. f4 Bb7 4. Nc3 d5 5. e5 Nd7 6. Nf3 Ne7 7. Bd3 c5 8. Nb5 Nc6
9. c3 a6 10. Na3 g6 11. Nc2 Ne7 12. Ne3 Bh6 13. Nf1 Nf5 14. h4 Bf8 15. g4 Ne7
16. h5 gxh5 17. Rxh5 h6 18. f5 Rg8 19. fxe6 fxe6 20. Nh4 Qc7 21. Bxh6 O-O-O 22.
Ne3 Bxh6 23. Rxh6 Nxe5 24. dxe5 Qxe5 25. Qe2 d4 26. cxd4 cxd4 27. Nc4 Qg3+ 28.
Kd1 Qg1+ 29. Qe1 Qxg4+ 30. Kc2 Bd5 31. Nxb6+ Kb8 32. Qe5+ Kb7 33. Nxd5 Nxd5 34.
Kb3 Qg3 35. Rh7+ Ka8 36. Qxg3 Rxg3 37. Rd1 1/2-1/2

[Event "Lichtenberger Sommer 2019"]
[Site "Berlin"]
[Date "2019.08.25"]
[Round "9.59"]
[White "Schneider, Eckehard"]
[Black "Weber, Constanze"]
[Result "1-0"]
[WhiteElo "1844"]
[BlackElo "1490"]
[PlyCount "67"]
[EventDate "2019.??.??"]
[WhiteTeam "SF 1903 Berlin"]
[BlackTeam "SV Ruhrspringer"]

1. e4 c5 2. c3 Nc6 3. d4 cxd4 4. cxd4 d6 5. Nc3 g6 6. Nf3 Bg7 7. Bc4 Bg4 8.
Bxf7+ Kf8 9. Bb3 Nf6 10. Be3 e5 11. d5 Na5 12. Bc2 a6 13. O-O Ke8 14. Qe2 b5
15. Rfc1 Nc4 16. b3 Na3 17. Bd3 Rf8 18. Nb1 Nxb1 19. Raxb1 Ke7 20. Rc6 Nd7 21.
Rbc1 Qb8 22. a4 bxa4 23. bxa4 Qb4 24. R6c4 Qa5 25. Bd2 Qb6 26. Rb1 Qa7 27. Rc6
Nc5 28. Be3 Rac8 29. Bxc5 dxc5 30. Rxa6 Qd7 31. Bb5 Qb7 32. d6+ Kd8 33. Qd2 Bf6
34. Qa5+ 1-0

[Event "Lichtenberger Sommer 2019"]
[Site "Berlin"]
[Date "2019.08.25"]
[Round "9.60"]
[White "Moeller, Jared William"]
[Black "Jeß, Arne"]
[Result "1/2-1/2"]
[WhiteElo "1693"]
[BlackElo "1842"]
[PlyCount "75"]
[EventDate "2019.??.??"]
[WhiteTeam "SV Glückauf Rüdersdorf"]
[BlackTeam "TSG Fredersdorf/Vogelsdorf"]

1. e4 c5 2. Nf3 d6 3. d4 cxd4 4. Nxd4 Nf6 5. Nc3 g6 6. Be3 Bg7 7. f3 O-O 8. Qd2
Nc6 9. Bc4 Bd7 10. O-O-O Rb8 11. Nxc6 bxc6 12. Bh6 Qb6 13. Bb3 Bxh6 14. Qxh6 c5
15. Qe3 Rfc8 16. Qe2 c4 17. Bxc4 Qxb2+ 18. Kd2 Qa3 19. Bb3 Qb4 20. Qe3 Rc7 21.
Rb1 Qa5 22. Bxf7+ Kxf7 23. Rxb8 e5 24. Qd3 d5 25. exd5 Bf5 26. Qe3 Nxd5 27.
Qxe5 Qxc3+ 28. Qxc3 Nxc3 29. g4 Be6 30. a3 Nd5 31. h4 Nb6 32. Rb1 Bd5 33. Kd3
Kg7 34. f4 Rc4 35. Re1 Rc7 36. Rbe8 Kf7 37. Rh8 Kg7 38. Rhe8 1/2-1/2

[Event "Lichtenberger Sommer 2019"]
[Site "Berlin"]
[Date "2019.08.25"]
[Round "9.61"]
[White "Bode, Jan-Michael"]
[Black "Wadepfuhl, Jeremy"]
[Result "1/2-1/2"]
[WhiteElo "1841"]
[BlackElo "1668"]
[PlyCount "77"]
[EventDate "2019.??.??"]
[WhiteTeam "SW Lichtenrade"]
[BlackTeam "Borussia Lichtenberg"]

1. d4 d5 2. Bf4 Nf6 3. e3 Bf5 4. Nf3 c6 5. Nbd2 e6 6. Be2 Bd6 7. Ne5 O-O 8. O-O
Qc7 9. c4 Nbd7 10. Ndf3 dxc4 11. Bxc4 Nd5 12. Bg3 N5b6 13. Bb3 Nxe5 14. Bxe5
Bg4 15. Rc1 Bxf3 16. Bxd6 Bxd1 17. Bxc7 Bxb3 18. Bxb6 Bxa2 19. Bc5 Rfd8 20. Ra1
Bc4 21. Rfc1 Ba6 22. h3 f6 23. Kh2 e5 24. Kg3 Kf7 25. f4 e4 26. Kf2 h5 27. f5
Rd5 28. g4 hxg4 29. hxg4 Rdd8 30. Rh1 Rh8 31. Rxh8 Rxh8 32. Kg2 Ra8 33. Kg3 g5
34. fxg6+ Kxg6 35. Kf4 Bd3 36. Rxa7 Rh8 37. Kg3 Ba6 38. Kf4 Bd3 39. Kg3 1/2-1/2

[Event "Lichtenberger Sommer 2019"]
[Site "Berlin"]
[Date "2019.08.25"]
[Round "9.62"]
[White "Bellomo, Riccardo"]
[Black "Casny, Guenter"]
[Result "0-1"]
[WhiteElo "1677"]
[BlackElo "1841"]
[PlyCount "88"]
[EventDate "2019.??.??"]
[WhiteTeam "SC Zugzwang 95 (Berlin)"]
[BlackTeam "SC Rochade (Berlin)"]

1. e4 g6 2. h4 e6 3. h5 Bg7 4. f4 d5 5. e5 c6 6. Qg4 Qe7 7. Bd3 Nh6 8. Qg3 Nf5
9. Bxf5 exf5 10. h6 Bf8 11. Qc3 Be6 12. d4 Na6 13. a3 c5 14. Be3 Rc8 15. Qb3
Qd7 16. Nf3 Be7 17. Nc3 O-O 18. Ne2 Rc6 19. Kf2 Rb8 20. c3 b5 21. Qd1 Qb7 22.
Rh3 Nc7 23. Rg3 a5 24. Ng5 b4 25. dxc5 Bxc5 26. Nd4 Bxd4 27. Bxd4 bxa3 28. bxa3
Qb2+ 29. Kg1 Qb3 30. Nxe6 fxe6 31. Qh5 Ne8 32. Rf1 Qb7 33. Rff3 Qf7 34. Rg5 Kh8
35. Qh4 Qe7 36. Qf2 Qxa3 37. Kh2 Qf8 38. Qh4 a4 39. Rfg3 a3 40. Rxg6 hxg6 41.
Rxg6 Rb7 42. Rf6 Nxf6 43. Qg5 a2 44. Qg7+ Qxg7 0-1

[Event "Lichtenberger Sommer 2019"]
[Site "Berlin"]
[Date "2019.08.25"]
[Round "9.63"]
[White "Ho, Ngoc Hai-Dang"]
[Black "Beyer, Nils"]
[Result "1/2-1/2"]
[WhiteElo "1642"]
[BlackElo "1832"]
[PlyCount "39"]
[EventDate "2019.??.??"]
[WhiteTeam "SV Mattnetz Berlin"]
[BlackTeam "TG Wehlheiden"]

1. e4 c5 2. Nf3 d6 3. d4 cxd4 4. Nxd4 Nf6 5. Nc3 a6 6. Bc4 e6 7. Bb3 b5 8. a3
Nbd7 9. Be3 Nc5 10. f3 Nxb3 11. Nxb3 Bb7 12. Qd2 Qc7 13. O-O Rc8 14. Qf2 Be7
15. Rad1 O-O 16. Bb6 Qb8 17. Ba7 Qc7 18. Bb6 Qb8 19. Ba7 Qc7 20. Bb6 1/2-1/2

[Event "Lichtenberger Sommer 2019"]
[Site "Berlin"]
[Date "2019.08.25"]
[Round "9.64"]
[White "Nguyen, Phuc Nhat"]
[Black "Stein, Siegfried"]
[Result "1-0"]
[WhiteElo "1599"]
[BlackElo "1852"]
[PlyCount "65"]
[EventDate "2019.??.??"]
[WhiteTeam "SC Zugzwang 95 (Berlin)"]
[BlackTeam "SV Berolina Mitte"]

1. e4 e5 2. Nf3 Nc6 3. Bc4 Bc5 4. d3 Nf6 5. Nc3 d6 6. Nd5 h6 7. c3 a6 8. Be3
Be6 9. Bxc5 dxc5 10. Ne3 Bxc4 11. Nxc4 Qe7 12. Qc2 O-O 13. O-O Rfd8 14. Rad1
Rd7 15. Rd2 Rad8 16. Rfd1 g6 17. h3 Qe6 18. a3 a5 19. Ne3 Kg7 20. Qa4 Nh5 21.
Nd5 b6 22. d4 cxd4 23. cxd4 exd4 24. Nxd4 Qxe4 25. Qxc6 Rd6 26. Qc3 Kh7 27. Ne3
Nf4 28. Kf1 c5 29. Nf3 Rxd2 30. Rxd2 Qb1+ 31. Ne1 Re8 32. Qf6 Kg8 33. Qxf4 1-0

[Event "Lichtenberger Sommer 2019"]
[Site "Berlin"]
[Date "2019.08.25"]
[Round "9.65"]
[White "Mayer, Herbert"]
[Black "Wahner, Eberhard"]
[Result "1-0"]
[WhiteElo "1804"]
[BlackElo "1592"]
[PlyCount "101"]
[EventDate "2019.??.??"]
[WhiteTeam "SC Rochade (Berlin)"]
[BlackTeam "SC Eintracht Berlin"]

1. c4 Nf6 2. Nc3 e6 3. Nf3 c5 4. g3 Nc6 5. Bg2 d5 6. cxd5 exd5 7. d3 Be7 8. O-O
O-O 9. a3 h6 10. e3 Bf5 11. d4 cxd4 12. exd4 a6 13. Be3 Rc8 14. Rc1 Re8 15. h3
Qd7 16. Kh2 b5 17. Ne5 Nxe5 18. dxe5 Ne4 19. Nxd5 Rxc1 20. Bxc1 Rd8 21. Bxe4
Bxe4 22. Nc3 Qf5 23. Qe1 Bd3 24. Rg1 Bc5 25. Rg2 Bc4 26. f4 Be6 27. g4 Qh7 28.
f5 Bc4 29. Qh4 Re8 30. Bf4 Bf8 31. Rd2 g5 32. fxg6 fxg6 33. Ne4 Be7 34. Qxh6
Qxh6 35. Bxh6 Kf7 36. Nd6+ Bxd6 37. exd6 Re2+ 38. Kg3 Rxd2 39. Bxd2 Ke6 40. Bf4
a5 41. Kh4 Bf1 42. Kg3 a4 43. h4 Be2 44. g5 Bd1 45. Be5 Be2 46. Kf4 Kd7 47. Ke4
Kc6 48. Bf4 Bg4 49. Ke5 Kd7 50. Kf6 Bf5 51. h5 1-0

[Event "Lichtenberger Sommer 2019"]
[Site "Berlin"]
[Date "2019.08.25"]
[Round "9.66"]
[White "Pöltelt, Helmut"]
[Black "Ellert, Stefan"]
[Result "0-1"]
[WhiteElo "1746"]
[BlackElo "1580"]
[PlyCount "84"]
[EventDate "2019.??.??"]
[WhiteTeam "SC Eintracht Berlin"]
[BlackTeam "SV Empor Berlin"]

1. e4 e5 2. Nf3 Nc6 3. Bb5 Nf6 4. d3 Bc5 5. c3 a6 6. Bxc6 dxc6 7. Nxe5 Qe7 8.
Nf3 Bg4 9. Nbd2 O-O-O 10. d4 Nxe4 11. Qe2 Nxd2 12. Qxe7 Bxe7 13. Ne5 Be6 14.
Bxd2 Bd6 15. Bf4 Rhe8 16. O-O f6 17. Nd3 Bc4 18. Rfd1 Bxd3 19. Bxd6 Be2 20.
Bxc7 Kxc7 21. Re1 Bd3 22. Re3 Bg6 23. Rae1 Rxe3 24. Rxe3 Re8 25. Rxe8 Bxe8 26.
Kf1 Bf7 27. b3 a5 28. Ke2 a4 29. c4 b5 30. Kd3 axb3 31. axb3 b4 32. f4 Bg6+ 33.
Kd2 h5 34. h4 Be4 35. g3 f5 36. Kc1 Kd6 37. Kd2 g6 38. Kc1 c5 39. d5 Bxd5 40.
cxd5 Kxd5 41. Kd2 Kd4 42. Kc2 Ke3 0-1

[Event "Lichtenberger Sommer 2019"]
[Site "Berlin"]
[Date "2019.08.25"]
[Round "9.67"]
[White "Caglar, Erdal"]
[Black "Schilly, Hans-Joachim"]
[Result "1-0"]
[WhiteElo "1514"]
[BlackElo "1739"]
[PlyCount "69"]
[EventDate "2019.??.??"]
[WhiteTeam "SW Lichtenrade"]
[BlackTeam "SF Siemensstadt"]

1. d4 d5 2. Nf3 Nf6 3. Bf4 c6 4. e3 Bg4 5. h3 Bh5 6. Be2 e6 7. Nbd2 Be7 8. Ne5
Bxe2 9. Qxe2 Nbd7 10. c3 O-O 11. O-O a6 12. a3 c5 13. Ndf3 Ne4 14. Nxd7 Qxd7
15. Ne5 Qd8 16. Rad1 Bd6 17. Qg4 f5 18. Qh5 Nf6 19. Qg5 Rc8 20. Rfe1 Qe8 21.
dxc5 Ne4 22. cxd6 Nxg5 23. d7 Qe7 24. dxc8=Q Rxc8 25. Bxg5 Qxg5 26. c4 f4 27.
exf4 Qxf4 28. cxd5 Rd8 29. dxe6 Rxd1 30. Rxd1 Qf6 31. Rd6 g6 32. Ng4 Qe7 33.
Nh6+ Kg7 34. Rd7 Kf6 35. Ng8+ 1-0

[Event "Lichtenberger Sommer 2019"]
[Site "Berlin"]
[Date "2019.08.25"]
[Round "9.68"]
[White "Ettel, Ralf"]
[Black "Hesselbarth, Karlheinz"]
[Result "1-0"]
[WhiteElo "1471"]
[BlackElo "1692"]
[PlyCount "95"]
[EventDate "2019.??.??"]
[WhiteTeam "SK König Tegel"]
[BlackTeam "SC Zugzwang 95 (Berlin)"]

1. c4 Nf6 2. Nc3 g6 3. d4 Bg7 4. e4 d6 5. Be2 O-O 6. Nf3 Nbd7 7. O-O e5 8. Bg5
h6 9. Be3 Kh7 10. h3 c6 11. Qc2 Qe7 12. d5 c5 13. a3 a5 14. Nb5 Ne8 15. Qd2
Ndf6 16. Nc3 Bd7 17. Nh2 g5 18. Ng4 Nxg4 19. hxg4 Nf6 20. f3 Kg6 21. Kf2 Rh8
22. Rh1 Rh7 23. Bd3 Rah8 24. Ne2 b6 25. Ng3 Bf8 26. Nf5 Qd8 27. b4 Qc7 28. bxa5
bxa5 29. Rab1 Ne8 30. Rb2 f6 31. Rhb1 h5 32. gxh5+ Rxh5 33. Rb7 Qd8 34. Rb8 Bc8
35. Ra8 Qc7 36. Rxa5 Rh1 37. Rxh1 Rxh1 38. Bc2 Ng7 39. Ng3 Ra1 40. Ba4 f5 41.
exf5+ Bxf5 42. Nxf5 Kxf5 43. g4+ Kg6 44. Ra8 Be7 45. Qd3+ Kf7 46. Qh7 Ra2+ 47.
Kg3 Qb7 48. Be8+ 1-0

[Event "Lichtenberger Sommer 2019"]
[Site "Berlin"]
[Date "2019.08.25"]
[Round "9.69"]
[White "Motsch, Sebastian"]
[Black "Udet, Fabian"]
[Result "0-1"]
[WhiteElo "1275"]
[BlackElo "1684"]
[PlyCount "70"]
[EventDate "2019.??.??"]
[BlackTeam "1. SC Anhalt"]

1. e4 c5 2. Nf3 e6 3. c4 Nc6 4. Nc3 Nf6 5. Be2 b6 6. O-O Bb7 7. e5 Ng4 8. d4
cxd4 9. Nxd4 Ngxe5 10. Bf4 Ng6 11. Bg3 Be7 12. Ndb5 O-O 13. Nd6 Bxd6 14. Bxd6
Re8 15. Bh5 Nce7 16. Qg4 Nf5 17. Rad1 Ngh4 18. Rd3 Nxd6 19. Rxd6 Bxg2 20. Qf4
g6 21. Ne4 Bxe4 22. Qxe4 gxh5 23. Kh1 Qe7 24. Rd3 Ng6 25. Rh3 Qc5 26. Rg1 Qc6
27. Qxc6 dxc6 28. Rxh5 Kg7 29. f4 Rad8 30. Rhg5 Rd4 31. R5g4 Kf6 32. Rf1 Ke7
33. h3 h5 34. f5 hxg4 35. fxg6 fxg6 0-1

[Event "Lichtenberger Sommer 2019"]
[Site "Berlin"]
[Date "2019.08.25"]
[Round "9.70"]
[White "Ollek, Karl-Heinz"]
[Black "Schiller, Stephan"]
[Result "0-1"]
[WhiteElo "1671"]
[BlackElo "1571"]
[PlyCount "86"]
[EventDate "2019.??.??"]
[WhiteTeam "SC Friesen Lichtenberg"]
[BlackTeam "SV Motor Wildau"]

1. c4 e5 2. Nc3 Nf6 3. g3 Nc6 4. Bg2 d6 5. Nf3 Be6 6. d3 Be7 7. O-O a6 8. Ng5
Bd7 9. Nd5 Nxd5 10. cxd5 Bxg5 11. dxc6 bxc6 12. Qc2 d5 13. Bxg5 Qxg5 14. Qc5
Qe7 15. Qa5 Qd6 16. Rac1 O-O 17. f4 exf4 18. Rxf4 Qe5 19. Qd2 Rab8 20. b3 Rfe8
21. Rcf1 f6 22. d4 Qxe2 23. Qxe2 Rxe2 24. R4f2 Rbe8 25. Bf3 Re1 26. Rxe1 Rxe1+
27. Kg2 Kf7 28. h4 Re3 29. Rd2 Rc3 30. g4 Be6 31. b4 Rc4 32. a3 Rc3 33. Ra2 Bc8
34. a4 Rd3 35. Rc2 Rxd4 36. Rxc6 Bxg4 37. Rxc7+ Kg6 38. Rc5 Bxf3+ 39. Kxf3 Rxb4
40. Rxd5 Rxa4 41. h5+ Kh6 42. Kg3 Ra3+ 43. Kg4 a5 0-1

[Event "Lichtenberger Sommer 2019"]
[Site "Berlin"]
[Date "2019.08.25"]
[Round "9.71"]
[White "Direktor, Paul"]
[Black "Tedesco, Gennaro"]
[Result "0-1"]
[WhiteElo "1350"]
[BlackElo "1663"]
[PlyCount "76"]
[EventDate "2019.??.??"]
[WhiteTeam "SK Neuburg"]
[BlackTeam "SC Kreuzberg"]

1. d4 d5 2. Nf3 Nf6 3. c4 c6 4. e3 e6 5. Nc3 Nbd7 6. Qc2 Bd6 7. g4 h6 8. Rg1
dxc4 9. Bxc4 b5 10. Bxe6 fxe6 11. Qg6+ Kf8 12. g5 Qe8 13. gxf6 Qxg6 14. Rxg6
Nxf6 15. e4 Bb4 16. e5 Ne4 17. Bd2 Nxd2 18. Nxd2 Kf7 19. Rg3 a6 20. Nce4 Rd8
21. Nd6+ Bxd6 22. exd6 Rxd6 23. Nf3 Ra7 24. Ke2 Kf8 25. Rag1 Rc7 26. Rc1 Bb7
27. Rc5 Rd5 28. Rg6 Kf7 29. Rxd5 Kxg6 30. Ne5+ Kh7 31. Rd6 c5 32. Rxe6 cxd4 33.
Kd3 Rc1 34. Rb6 Bc8 35. Rc6 Bf5+ 36. Kxd4 Rb1 37. Kc3 Re1 38. Nf3 Rc1+ 0-1

[Event "Lichtenberger Sommer 2019"]
[Site "Berlin"]
[Date "2019.08.25"]
[Round "9.72"]
[White "Doraszelski, Alexander"]
[Black "Nimptsch, Nikolas"]
[Result "1-0"]
[WhiteElo "1649"]
[BlackElo "1500"]
[PlyCount "59"]
[EventDate "2019.??.??"]
[WhiteTeam "SV Empor Berlin"]
[BlackTeam "Leegebrucher SF"]

1. e4 d5 2. exd5 Nf6 3. d4 Nxd5 4. c4 Nb4 5. a3 N4c6 6. Be3 g6 7. d5 Ne5 8. Bd4
f6 9. Be2 Nbd7 10. Nc3 Bg7 11. h4 Nf7 12. h5 g5 13. Bd3 Nde5 14. Bb1 c6 15. h6
Bf8 16. Be4 f5 17. Nf3 Nxf3+ 18. Bxf3 g4 19. Bxh8 gxf3 20. Bg7 fxg2 21. Rg1 Qd6
22. Qd4 Ng5 23. Ke2 Nh3 24. Rge1 Bxg7 25. Qxg7 cxd5 26. Nxd5 b5 27. Kf3 g1=N+
28. Kg2 Qg6+ 29. Qxg6+ hxg6 30. h7 1-0

[Event "Lichtenberger Sommer 2019"]
[Site "Berlin"]
[Date "2019.08.25"]
[Round "9.73"]
[White "Müller, Johannes"]
[Black "Fontaine, Constantin"]
[Result "1-0"]
[WhiteElo "1760"]
[BlackElo "1498"]
[PlyCount "85"]
[EventDate "2019.??.??"]
[WhiteTeam "SC Eintracht Berlin"]
[BlackTeam "SK Tempelhof 1931"]

1. e4 g6 2. Nc3 Bg7 3. d4 d6 4. f4 a6 5. Nf3 b5 6. Bd3 b4 7. Ne2 Bb7 8. O-O Nf6
9. Ng3 O-O 10. c3 c5 11. d5 Qb6 12. c4 e6 13. dxe6 fxe6 14. Qc2 Nc6 15. Rb1
Rae8 16. b3 Ng4 17. h3 Nd4 18. Nxd4 Bxd4+ 19. Kh1 Ne3 20. Bxe3 Bxe3 21. f5 exf5
22. exf5 d5 23. fxg6 hxg6 24. Bxg6 Re6 25. Rxf8+ Kxf8 26. Rf1+ Rf6 27. cxd5
Bxd5 28. Bd3 Rxf1+ 29. Nxf1 Bd4 30. Qe2 Qe6 31. Qxe6 Bxe6 32. Bxa6 c4 33. Bxc4
Bxc4 34. bxc4 Ke7 35. g4 Kd6 36. Nd2 Kc5 37. Nb3+ Kxc4 38. Nxd4 Kxd4 39. g5 Kc3
40. g6 Kb2 41. g7 Kxa2 42. g8=Q+ b3 43. h4 1-0

[Event "Lichtenberger Sommer 2019"]
[Site "Berlin"]
[Date "2019.08.25"]
[Round "9.74"]
[White "Timm, Christian"]
[Black "Glienke, Michael"]
[Result "1/2-1/2"]
[WhiteElo "1573"]
[BlackElo "1754"]
[PlyCount "54"]
[EventDate "2019.??.??"]
[WhiteTeam "SV Herzberg"]
[BlackTeam "SC Kreuzberg"]

1. Nf3 c5 2. d4 cxd4 3. Nxd4 Nc6 4. c3 g6 5. g3 Bg7 6. Bg2 Nf6 7. O-O O-O 8.
Nxc6 bxc6 9. Nd2 Ba6 10. Re1 Rb8 11. Nb3 Ng4 12. h3 Nf6 13. Be3 Qc7 14. Nc5 Bc8
15. Rb1 d6 16. Nd3 Bf5 17. Qa4 c5 18. c4 Nd7 19. Qc2 Qa5 20. a3 Rxb2 21. Rxb2
Bxd3 22. Qd2 Qxd2 23. Rxd2 Bc3 24. exd3 Ne5 25. Bh6 Rb8 26. Rxe5 Bxd2 27. Rxe7
Bxh6 1/2-1/2

[Event "Lichtenberger Sommer 2019"]
[Site "Berlin"]
[Date "2019.08.25"]
[Round "9.75"]
[White "Kellner, René"]
[Black "Heinrich, Bert"]
[Result "1-0"]
[WhiteElo "1700"]
[BlackElo "1575"]
[PlyCount "121"]
[EventDate "2019.??.??"]
[WhiteTeam "Potsdamer SV"]
[BlackTeam "RW Neuenhagen"]

1. e4 e6 2. d4 b6 3. Nc3 Bb7 4. Nf3 Bb4 5. Bd3 Nf6 6. Qe2 d5 7. exd5 Nxd5 8.
Bd2 Nf6 9. O-O Nbd7 10. a3 Bd6 11. Rfe1 a6 12. Ne4 Be7 13. c4 O-O 14. b4 Nxe4
15. Bxe4 Ra7 16. Bxb7 Rxb7 17. Rad1 Re8 18. Bf4 Bd6 19. Ne5 Qf6 20. Bg3 Nb8 21.
Qe4 Ra7 22. Nc6 Bxg3 23. fxg3 Nxc6 24. Qxc6 Rd8 25. d5 h6 26. dxe6 Rxd1 27.
exf7+ Qxf7 28. Rxd1 a5 29. Rd7 Qf5 30. Qd5+ Qxd5 31. cxd5 axb4 32. axb4 Ra1+
33. Kf2 Rc1 34. d6 c5 35. Rd8+ Kf7 36. d7 Ke7 37. Rg8 Kxd7 38. Rxg7+ Kc6 39.
Rg6+ Kb5 40. bxc5 bxc5 41. Rxh6 Rd1 42. Rh8 c4 43. Rb8+ Kc5 44. Ke2 Rd7 45.
Rc8+ Kb4 46. h4 c3 47. g4 Kb3 48. Kf3 Kb2 49. g5 Rh7 50. Kg4 c2 51. g6 Rg7 52.
h5 c1=Q 53. Rxc1 Kxc1 54. Kg5 Ra7 55. h6 Ra5+ 56. Kf6 Ra6+ 57. Kg7 Ra8 58. Kh7
Ra7+ 59. g7 Kd2 60. Kh8 Ra6 61. h7 1-0

[Event "Lichtenberger Sommer 2019"]
[Site "Berlin"]
[Date "2019.08.25"]
[Round "9.76"]
[White "Kreuchauf, Olaf"]
[Black "Kirves, Martin"]
[Result "1-0"]
[WhiteElo "1690"]
[BlackElo "1498"]
[PlyCount "61"]
[EventDate "2019.??.??"]
[WhiteTeam "SC Eintracht Berlin"]
[BlackTeam "BSC Rehberge"]

1. f4 d5 2. d3 Nf6 3. Nf3 Bg4 4. Nbd2 Nbd7 5. g3 e6 6. Bg2 Bd6 7. h3 Bh5 8. O-O
O-O 9. Qe1 Bc5+ 10. Kh2 Re8 11. e4 e5 12. fxe5 Nxe5 13. Nxe5 Rxe5 14. Nb3 Bd6
15. d4 Rxe4 16. Bxe4 Nxe4 17. Bf4 c6 18. Nc1 Bxf4 19. gxf4 Qf6 20. c3 Qh6 21.
Ne2 Bg4 22. Ng1 Re8 23. Rf2 Kf8 24. Rg2 Qxf4+ 25. Kh1 Bf3 26. Nxf3 Qxf3 27. Qh4
Nf6 28. Kh2 Re2 29. Rag1 Nh5 30. Rxe2 Qxe2+ 31. Rg2 1-0

[Event "Lichtenberger Sommer 2019"]
[Site "Berlin"]
[Date "2019.08.25"]
[Round "9.77"]
[White "Theilig, Reinhard"]
[Black "Massa, Pietro"]
[Result "1/2-1/2"]
[WhiteElo "1560"]
[BlackElo "1677"]
[PlyCount "39"]
[EventDate "2019.??.??"]
[WhiteTeam "VfB Hermsdorf"]
[BlackTeam "SF 1903 Berlin"]

1. Nf3 d5 2. c4 c6 3. g3 dxc4 4. Bg2 Nd7 5. Qc2 Ngf6 6. Na3 e5 7. Nxc4 Qc7 8.
O-O Be7 9. b3 b5 10. Ncxe5 Bb7 11. Bb2 Rc8 12. Rac1 c5 13. Rfd1 O-O 14. Nxd7
Nxd7 15. d4 c4 16. bxc4 bxc4 17. Qa4 Bd5 18. Bh3 Nb6 19. Qc2 Rcd8 20. e4
1/2-1/2

[Event "Lichtenberger Sommer 2019"]
[Site "Berlin"]
[Date "2019.08.25"]
[Round "9.78"]
[White "Uhlenbrock, Sven"]
[Black "Abraham, Helmut"]
[Result "1-0"]
[WhiteElo "1652"]
[BlackElo "1468"]
[PlyCount "51"]
[EventDate "2019.??.??"]
[BlackTeam "SC Kreuzberg"]

1. d4 d5 2. Bf4 e6 3. e3 Bd6 4. Bg3 Nf6 5. Nf3 Bxg3 6. hxg3 Nbd7 7. c4 c6 8.
Nc3 Nb6 9. Ne5 dxc4 10. Nxc4 Nxc4 11. Bxc4 Nd5 12. e4 Nb6 13. Bb3 Nd7 14. Qg4
Nf6 15. Qxg7 Rg8 16. Qh6 Qxd4 17. Rd1 Qxf2+ 18. Kxf2 Ng4+ 19. Kf3 Nxh6 20. Rxh6
Rg7 21. Rdh1 e5 22. Rxh7 Bg4+ 23. Ke3 Rxh7 24. Rxh7 O-O-O 25. Rxf7 Bh5 26. Rf5
1-0

[Event "Lichtenberger Sommer 2019"]
[Site "Berlin"]
[Date "2019.08.25"]
[Round "9.79"]
[White "Mueller, Jörg René"]
[Black "Stark, Steven"]
[Result "1-0"]
[WhiteElo "1590"]
[BlackElo "1443"]
[PlyCount "159"]
[EventDate "2019.??.??"]
[WhiteTeam "SC Zugzwang 95 (Berlin)"]
[BlackTeam "BSC Rehberge"]

1. c4 e5 2. g3 Nf6 3. Nc3 c6 4. d3 Be7 5. Bg2 O-O 6. Nf3 d6 7. O-O Nbd7 8. b4
a6 9. a3 b6 10. Ra2 Bb7 11. e4 b5 12. Be3 Ng4 13. Bc1 Ngf6 14. Ne1 Ne8 15. f4
f6 16. Raf2 a5 17. Qb3 a4 18. Qd1 bxc4 19. dxc4 Qb6 20. Nxa4 Qa6 21. Nc3 Qxc4
22. Qd2 Nb6 23. Qa2 Ba6 24. Qxc4+ Bxc4 25. Ne2 Nc7 26. Nc2 Nb5 27. Re1 Bd3 28.
Ne3 Nxa3 29. Bxa3 Rxa3 30. Rc1 c5 31. bxc5 dxc5 32. Nf5 Bd8 33. Rxc5 Nc4 34.
Rc8 Kf7 35. Rxc4 Bb6 36. Rc3 Bxf2+ 37. Kxf2 Rxc3 38. Nxc3 g6 39. Ne3 Ra8 40. f5
g5 41. Bf1 Ra3 42. Ned5 Bc2 43. Bc4 Kg7 44. Be2 h6 45. Bf3 Bd3 46. g4 Bc4 47.
Kg3 Bxd5 48. Nxd5 Ra1 49. Ne3 Ra3 50. Ng2 Ra2 51. h4 Rb2 52. hxg5 hxg5 53. Ne3
Rb3 54. Nd5 Ra3 55. Nc7 Rc3 56. Ne6+ Kf7 57. Kf2 Ke7 58. Be2 Rc1 59. Ke3 Rc6
60. Kd3 Rc1 61. Kd2 Rc6 62. Bb5 Rc8 63. Ba6 Rc6 64. Bd3 Rc8 65. Ng7 Rc5 66. Ba6
Rc6 67. Bd3 Rc8 68. Nh5 Rc7 69. Ng3 Rc6 70. Ne2 Rc7 71. Nc3 Rc5 72. Kc2 Rc8 73.
Kb3 Kf7 74. Kb4 Rh8 75. Kc4 Rh4 76. Be2 Rh2 77. Kd5 Ke7 78. Kc6 Rf2 79. Bb5 Rg2
80. Nd5+ 1-0

[Event "Lichtenberger Sommer 2019"]
[Site "Berlin"]
[Date "2019.08.25"]
[Round "9.80"]
[White "Paris, Gerhard"]
[Black "Lippianowski, Stefan"]
[Result "1-0"]
[WhiteElo "1384"]
[BlackElo "1083"]
[PlyCount "37"]
[EventDate "2019.??.??"]
[WhiteTeam "TSG Oberschöneweide"]
[BlackTeam "SV Mattnetz Berlin"]

1. e4 e5 2. Nc3 Nf6 3. Nf3 Nc6 4. d3 h6 5. Be2 Bc5 6. O-O d6 7. Na4 Bd4 8. Nxd4
exd4 9. b3 Bd7 10. Nb2 Ne5 11. h3 g5 12. f4 gxf4 13. Bxf4 Rg8 14. Kh2 Ng6 15.
Bxh6 Nh4 16. Qe1 Rxg2+ 17. Kh1 Bxh3 18. Qxh4 Bg4 19. Kxg2 1-0

[Event "Lichtenberger Sommer 2019"]
[Site "Berlin"]
[Date "2019.08.25"]
[Round "9.81"]
[White "Tschirschwitz, Stephan"]
[Black "Kultscher, Christian"]
[Result "0-1"]
[WhiteElo "1495"]
[BlackElo "1366"]
[PlyCount "52"]
[EventDate "2019.??.??"]
[WhiteTeam "Lasker Steglitz-Wilmersdorf"]
[BlackTeam "1. SC Anhalt"]

1. d4 d5 2. c4 Nf6 3. Bf4 Nc6 4. e3 e6 5. Nc3 Bb4 6. a3 Bxc3+ 7. bxc3 h6 8. h3
O-O 9. f3 Re8 10. Bd3 e5 11. dxe5 Nxe5 12. Bxe5 Rxe5 13. Kf2 Bf5 14. Bxf5 Rxf5
15. Qd3 Ne4+ 16. Ke1 Qh4+ 17. Ke2 Ng3+ 18. Kd2 dxc4 19. Qb1 Rd5+ 20. Kc2 Nxh1
21. Qf1 Rad8 22. Re1 Rd2+ 23. Kb1 Qxe1+ 24. Qxe1 Rd1+ 25. Kc2 Rxe1 26. f4 Rxg1
0-1

[Event "Lichtenberger Sommer 2019"]
[Site "Berlin"]
[Date "2019.08.25"]
[Round "9.82"]
[White "Koerber, Bernhard"]
[Black "Geiß, Anne"]
[Result "0-1"]
[WhiteElo "1488"]
[BlackElo "1393"]
[PlyCount "28"]
[EventDate "2019.??.??"]
[WhiteTeam "Lasker Steglitz-Wilmersdorf"]
[BlackTeam "Schachpinguine Berlin"]

1. e4 e5 2. Nf3 Nc6 3. Bb5 a6 4. Bxc6 dxc6 5. O-O Bg4 6. h3 h5 7. d3 Qf6 8.
Nbd2 Ne7 9. b3 Ng6 10. hxg4 hxg4 11. Nh2 Qh4 12. f3 g3 13. Re1 Qxh2+ 14. Kf1
Qh1+ 0-1